[Event "C'Chartres Blitz op"]
[Site "Europe Echecs INT"]
[Date "2020.11.28"]
[Round "2"]
[White "Efimov, Igor"]
[Black "Sobry, Sebastien"]
[Result "1-0"]
[WhiteElo "2416"]
[BlackElo "2034"]
[PlyCount "57"]
[EventDate "2020.11.28"]
[EventType "swiss (blitz)"]
[EventRounds "11"]
[EventCountry "FRA"]
[SourceTitle "CBM 199 Extra"]
[Source "ChessBase"]
[SourceDate "2021.01.31"]
[SourceVersion "1"]
[SourceVersionDate "2021.01.31"]
[SourceQuality "1"]

1. d4 c5 2. c3 cxd4 3. cxd4 d5 4. Bf4 Nc6 5. e3 Nf6 6. Nc3 e6 7. Bd3 Qb6 8. Nge2 Be7 9. 0-0 0-0 10. Na4 Qa5 11. a3 Bd7 12. b4 Qd8 13. Nc5 b6 14. Nxd7 Qxd7 15. Qb3 Nh5 16. Rfc1 Nxf4 17. Nxf4 Qb7 18. Qa4 Nb8 19. Rc3 Bd6 20. Rac1 a6 21. Qc2 Nd7 22. Bxh7+ Kh8 23. Bd3 b5 24. Rc6 Bxf4 25. exf4 Nb6 26. Qe2 g6 27. Rc7 Qb8 28. Bxg6 fxg6 29. Qg4 1-0

[Event "C'Chartres Blitz op"]
[Site "Europe Echecs INT"]
[Date "2020.11.28"]
[Round "4"]
[White "Guliyev, Namig"]
[Black "Sobry, Sebastien"]
[Result "1-0"]
[WhiteElo "2538"]
[BlackElo "2034"]
[PlyCount "93"]
[EventDate "2020.11.28"]
[EventType "swiss (blitz)"]
[EventRounds "11"]
[EventCountry "FRA"]
[SourceTitle "CBM 199 Extra"]
[Source "ChessBase"]
[SourceDate "2021.01.31"]
[SourceVersion "1"]
[SourceVersionDate "2021.01.31"]
[SourceQuality "1"]

1. e4 e5 2. Nf3 Nc6 3. Nc3 Nf6 4. Bb5 d6 5. d4 exd4 6. Nxd4 Bd7 7. Bxc6 bxc6 8. 0-0 Be7 9. Qf3 c5 10. Nf5 Bxf5 11. exf5 0-0 12. g4 Nd7 13. Nd5 Ne5 14. Qg2 c6 15. Nxe7+ Qxe7 16. Bf4 f6 17. Rfe1 Qb7 18. b3 Rfe8 19. h3 Re7 20. Rad1 Qc7 21. Bd2 Rae8 22. f4 Nd7 23. c4 Nb6 24. Rxe7 Rxe7 25. Ba5 Kf8 26. Qd2 Rd7 27. g5 Qd8 28. Qe3 Qe7 29. Qxe7+ Kxe7 30. Re1+ Kf7 31. Re6 fxg5 32. fxg5 g6 33. Rf6+ Kg7 34. Bc3 d5 35. Rxg6+ Kf8 36. Rxc6 d4 37. Bd2 Re7 38. Kf2 Nd7 39. f6 Re4 40. Kf3 Rh4 41. Rc7 Rxh3+ 42. Kg4 Rd3 43. Rxd7 Rxd2 44. Rxh7 Rxa2 45. g6 Ke8 46. f7+ Kf8 47. Rh8+ 1-0

[Event "C'Chartres Blitz op"]
[Site "Europe Echecs INT"]
[Date "2020.11.28"]
[Round "11"]
[White "Sobry, Sebastien"]
[Black "Guezennec, Franck"]
[Result "0-1"]
[WhiteElo "2034"]
[BlackElo "2282"]
[PlyCount "52"]
[EventDate "2020.11.28"]
[EventType "swiss (blitz)"]
[EventRounds "11"]
[EventCountry "FRA"]
[SourceTitle "CBM 199 Extra"]
[Source "ChessBase"]
[SourceDate "2021.01.31"]
[SourceVersion "1"]
[SourceVersionDate "2021.01.31"]
[SourceQuality "1"]

1. e4 c5 2. Nf3 d6 3. d4 cxd4 4. Nxd4 Nf6 5. Nc3 a6 6. Bc4 e6 7. Bb3 b5 8. 0-0 Bd7 9. f3 Be7 10. Be3 Nc6 11. Qe1 Nxd4 12. Bxd4 0-0 13. Rd1 a5 14. a3 b4 15. axb4 axb4 16. Ne2 Ba4 17. Bxa4 Rxa4 18. Ra1 Qd7 19. Qd2 Rfa8 20. Rxa4 Qxa4 21. b3 Qc6 22. Qxb4 Qxc2 23. Nc3 e5 24. Be3 Bf8 25. Bg5 d5 26. Bxf6 Bxb4 0-1

[Event "FRA-ch Blitz Online Qual"]
[Site "Europe Echecs INT"]
[Date "2020.05.16"]
[Round "1"]
[White "Hilton, Marc"]
[Black "Sobry, Sebastien"]
[Result "0-1"]
[WhiteElo "1546"]
[BlackElo "2034"]
[PlyCount "46"]
[EventDate "2020.05.16"]
[EventType "swiss (blitz)"]
[EventRounds "15"]
[EventCountry "FRA"]
[SourceTitle "CBM 196 Extra"]
[Source "ChessBase"]
[SourceDate "2020.07.31"]
[SourceVersion "1"]
[SourceVersionDate "2020.07.31"]
[SourceQuality "1"]

1. d4 c5 2. dxc5 e6 3. Nf3 Bxc5 4. e3 Nf6 5. Bc4 d5 6. Bb5+ Bd7 7. Bxd7+ Nbxd7 8. 0-0 0-0 9. Nbd2 Rc8 10. c3 b5 11. e4 dxe4 12. Ng5 e3 13. Nde4 exf2+ 14. Nxf2 Qb6 15. Qf3 Ne5 16. Qg3 Neg4 17. Ngh3 Bxf2+ 18. Nxf2 Nxf2 19. Rxf2 Ne4 20. Qf3 Qxf2+ 21. Qxf2 Nxf2 22. Kxf2 Rfd8 23. Be3 a6 0-1

[Event "FRA-ch Blitz Online Qual"]
[Site "Europe Echecs INT"]
[Date "2020.05.16"]
[Round "7"]
[White "Perolini, Cedric"]
[Black "Sobry, Sebastien"]
[Result "0-1"]
[WhiteElo "1706"]
[BlackElo "2034"]
[PlyCount "50"]
[EventDate "2020.05.16"]
[EventType "swiss (blitz)"]
[EventRounds "15"]
[EventCountry "FRA"]
[SourceTitle "CBM 196 Extra"]
[Source "ChessBase"]
[SourceDate "2020.07.31"]
[SourceVersion "1"]
[SourceVersionDate "2020.07.31"]
[SourceQuality "1"]

1. e4 c5 2. d4 cxd4 3. Nf3 e6 4. Nxd4 a6 5. c4 Qc7 6. Nc3 Nf6 7. Bg5 Be7 8. Bd3 d6 9. 0-0 0-0 10. f4 Nbd7 11. Qf3 Qc5 12. Qf2 Ng4 13. Nxe6 Qxf2+ 14. Rxf2 Bxg5 15. Nxf8 Nxf2 16. Kxf2 Bxf4 17. Nxd7 Bxd7 18. Nd5 Be5 19. Rb1 Rc8 20. Nb6 Bd4+ 21. Kf3 Bxb6 22. b4 Be6 23. Rc1 Bd8 24. a4 Be7 25. Ke3 Bg5+ 0-1

[Event "FRA-ch Blitz Online Qual"]
[Site "Europe Echecs INT"]
[Date "2020.05.16"]
[Round "4"]
[White "Sobry, Sebastien"]
[Black "Fischler, Oscar"]
[Result "1-0"]
[WhiteElo "2034"]
[BlackElo "1864"]
[PlyCount "67"]
[EventDate "2020.05.16"]
[EventType "swiss (blitz)"]
[EventRounds "15"]
[EventCountry "FRA"]
[SourceTitle "CBM 196 Extra"]
[Source "ChessBase"]
[SourceDate "2020.07.31"]
[SourceVersion "1"]
[SourceVersionDate "2020.07.31"]
[SourceQuality "1"]

1. e4 g6 2. d4 Bg7 3. Be3 d6 4. Nc3 c6 5. f3 b5 6. Qd2 Nf6 7. 0-0-0 0-0 8. g4 a5 9. Kb1 a4 10. h4 h5 11. g5 Nfd7 12. f4 b4 13. Nce2 b3 14. cxb3 axb3 15. a3 Qb6 16. f5 Na6 17. Nf4 Kh7 18. fxg6+ fxg6 19. Ne6 Rf7 20. Nxg7 Kxg7 21. Bc4 Rf8 22. Nh3 Bb7 23. Rhf1 d5 24. Bd3 Nc7 25. Nf4 Rf7 26. exd5 Nxd5 27. Nxg6 Nxe3 28. Qxe3 e5 29. Rxf7+ Kxf7 30. Nxe5+ Nxe5 31. Qxe5 Qd8 32. Rf1+ Kg8 33. Bc4+ Kh7 34. Rf7+ 1-0

[Event "FRA-ch Blitz Online Qual"]
[Site "Europe Echecs INT"]
[Date "2020.05.16"]
[Round "12"]
[White "Sobry, Sebastien"]
[Black "Lissillour, Baptiste"]
[Result "0-1"]
[WhiteElo "2034"]
[BlackElo "1731"]
[PlyCount "70"]
[EventDate "2020.05.16"]
[EventType "swiss (blitz)"]
[EventRounds "15"]
[EventCountry "FRA"]
[SourceTitle "CBM 196 Extra"]
[Source "ChessBase"]
[SourceDate "2020.07.31"]
[SourceVersion "1"]
[SourceVersionDate "2020.07.31"]
[SourceQuality "1"]

1. e4 c5 2. Nf3 d6 3. d4 cxd4 4. Nxd4 Nf6 5. Nc3 a6 6. Bc4 e6 7. Bb3 b5 8. 0-0 Be7 9. f3 0-0 10. Be3 Bb7 11. Qe1 Nbd7 12. Qg3 Kh8 13. Bxe6 Ne5 14. Bb3 Rc8 15. Nf5 Rg8 16. Rad1 Nc4 17. Bxc4 Rxc4 18. Nxe7 Qxe7 19. Qxd6 Qxd6 20. Rxd6 b4 21. Na4 Rxc2 22. Bd4 Rgc8 23. Rb6 Bc6 24. Rxa6 Bb5 25. Ra5 Bxf1 26. Kxf1 Rd2 27. Rc5 Ra8 28. Nb6 Rxa2 29. Rc8+ Ng8 30. Bf2 Raxb2 31. Be1 Rxg2 32. Nd7 Rxh2 33. Kg1 Rhe2 34. Kf1 Rec2 35. Ne5 Rxc8 0-1

[Event "FRA-ch Blitz Online Qual"]
[Site "Europe Echecs INT"]
[Date "2020.05.16"]
[Round "2"]
[White "Sobry, Sebastien"]
[Black "Nezosi, Constantin"]
[Result "1-0"]
[WhiteElo "2034"]
[BlackElo "1458"]
[PlyCount "117"]
[EventDate "2020.05.16"]
[EventType "swiss (blitz)"]
[EventRounds "15"]
[EventCountry "FRA"]
[SourceTitle "CBM 196 Extra"]
[Source "ChessBase"]
[SourceDate "2020.07.31"]
[SourceVersion "1"]
[SourceVersionDate "2020.07.31"]
[SourceQuality "1"]

1. e4 d6 2. d4 Nf6 3. Nc3 g6 4. f3 Bg7 5. Be3 Nc6 6. Qd2 e5 7. d5 Nb8 8. 0-0-0 b6 9. g4 a5 10. h4 a4 11. h5 Bd7 12. hxg6 fxg6 13. Bg5 Na6 14. a3 Nc5 15. Bb5 Ra5 16. Bxd7+ Ncxd7 17. Nge2 b5 18. f4 Qb8 19. Bxf6 Nxf6 20. g5 Nh5 21. f5 b4 22. axb4 a3 23. bxa3 Rxa3 24. Nb1 Ra1 25. f6 Qa7 26. Qc3 Qa2 27. Kd2 Bf8 28. Qb3 Qxb3 29. cxb3 Ra2+ 30. Ke1 Rb2 31. Nd2 Ra2 32. Kf2 Ra7 33. Ra1 Rb7 34. Ra4 Kf7 35. Nc4 h6 36. Na5 Rb6 37. gxh6 Bxh6 38. Rc1 Rc8 39. Rc6 Rxc6 40. Nxc6 Nf4 41. Nxf4 Bxf4 42. b5 g5 43. Ra7 g4 44. b6 g3+ 45. Kf3 Rh8 46. Rxc7+ Kg6 47. Rg7+ Kh5 48. Rxg3 Bxg3 49. Kxg3 Kg6 50. b7 Kxf6 51. b8Q Rxb8 52. Nxb8 Ke7 53. Kg4 Kd8 54. Kf5 Kc7 55. Nc6 Kb6 56. Ke6 Kc5 57. b4+ Kb5 58. Kxd6 Kc4 59. Kxe5 1-0

[Event "Europe Echecs online op April"]
[Site "Europe Echecs INT"]
[Date "2020.04.11"]
[Round "11"]
[White "Sobry, Sebastien"]
[Black "Edouard, Romain"]
[Result "0-1"]
[WhiteElo "2034"]
[BlackElo "2649"]
[PlyCount "86"]
[EventDate "2020.04.11"]
[EventType "swiss (blitz)"]
[EventRounds "11"]
[EventCountry "FRA"]
[SourceTitle "EXT 2021"]
[Source "ChessBase"]
[SourceDate "2020.10.23"]
[SourceVersion "1"]
[SourceVersionDate "2020.10.23"]
[SourceQuality "1"]

1. e4 c5 2. Nf3 d6 3. d4 cxd4 4. Nxd4 Nf6 5. Nc3 e5 6. Nf3 Be7 7. Bc4 0-0 8. 0-0 Be6 9. Bxe6 fxe6 10. h3 Nc6 11. Be3 a6 12. Qe2 b5 13. a3 d5 14. exd5 exd5 15. Bg5 e4 16. Nh2 h6 17. Bxf6 Bxf6 18. Ng4 Bxc3 19. bxc3 Qc7 20. a4 Rab8 21. axb5 axb5 22. Rfb1 Ne7 23. Rxb5 Qxc3 24. Rab1 Rbc8 25. R5b2 Nf5 26. Qe1 Nd4 27. Ne3 Rfd8 28. Qxc3 Ne2+ 29. Kf1 Nxc3 30. Ra1 d4 31. Nf5 Rc5 32. g4 g6 33. Nxh6+ Kg7 34. g5 Rxg5 35. Ng4 Rf5 36. Ra7+ Rf7 37. Rbb7 Rxb7 38. Rxb7+ Kf8 39. Ne5 Rd6 40. Ke1 d3 41. cxd3 exd3 42. Nxd3 Rxd3 43. Rb6 Rd1# 0-1

[Event "Lille Luce op 6th"]
[Site "Lille"]
[Date "2015.05.07"]
[Round "5"]
[White "Sobry, Sebastien"]
[Black "Vandecasteele, Louis"]
[Result "1/2-1/2"]
[WhiteElo "2033"]
[BlackElo "1831"]
[PlyCount "206"]
[EventDate "2015.05.04"]
[EventType "swiss"]
[EventRounds "9"]
[EventCountry "FRA"]
[SourceTitle "EXT 2017"]
[Source "ChessBase"]
[SourceDate "2016.10.25"]
[SourceVersion "1"]
[SourceVersionDate "2016.10.25"]
[SourceQuality "1"]

1. e4 c5 2. Nf3 d6 3. d4 cxd4 4. Nxd4 Nf6 5. Nc3 a6 6. Bc4 e5 7. Nde2 b5 8. Bd5 Nxd5 9. Nxd5 Bb7 10. Be3 Nd7 11. Qd2 Rc8 12. c3 Bxd5 13. Qxd5 Qc7 14. Ng3 g6 15. 0-0 Nb6 16. Qd3 Qc4 17. Qd2 Qc7 18. b3 Bg7 19. Rad1 Rd8 20. f4 0-0 21. f5 f6 22. Qf2 Nc8 23. Rd3 Rf7 24. Rfd1 Rfd7 25. Bc1 Qc6 26. Qf3 Kf7 27. h4 Ne7 28. fxg6+ hxg6 29. h5 Rh8 30. hxg6+ Nxg6 31. Nf5 Bf8 32. Bg5 Qc5+ 33. Ne3 Be7 34. Rf1 Ke8 35. Bxf6 Nf4 36. Bxh8 Nxd3 37. Kh2 Nf4 38. g3 Bg5 39. gxf4 Bxf4+ 40. Kg2 Qxe3 41. Qxe3 Bxe3 42. Rf3 Bf4 43. Rh3 Rf7 44. Kf3 Kd7 45. Ke2 Kc6 46. Rh5 Bg3 47. Rg5 Bf4 48. Rg7 Rf8 49. Rh7 Bg3 50. Rh3 Bf4 51. Bg7 Rf7 52. Bh8 Bc1 53. Rg3 Rh7 54. Bg7 Rh2+ 55. Kd1 Ba3 56. Rg6 Kc7 57. Bf8 Rf2 58. Be7 Rf7 59. Bf6 Bc5 60. Rg7 Rxg7 61. Bxg7 Kd7 62. Kd2 Ke6 63. Kd3 d5 64. exd5+ Kxd5 65. c4+ bxc4+ 66. bxc4+ Ke6 67. Ke4 Bd4 68. Bf8 Bc3 69. Bc5 Ba5 70. Ba3 Bd8 71. Bb4 Bf6 72. Bc3 Kd6 73. Bb4+ Ke6 74. Kd3 Bd8 75. Kc3 e4 76. Kd4 Kf5 77. Bd2 Bc7 78. c5 Bg3 79. Kd5 Bf4 80. Be1 Be5 81. Kc6 e3 82. Kb7 Ke4 83. Kxa6 Kd3 84. c6 Kc2 85. a4 Kd1 86. Bb4 e2 87. Kb6 Kc2 88. Ba5 Kb3 89. Kb5 Bc3 90. Bxc3 Kxc3 91. c7 e1Q 92. c8Q+ Kb3 93. Qc4+ Ka3 94. Qd3+ Ka2 95. Qc4+ Ka3 96. a5 Qe8+ 97. Qc6 Qe2+ 98. Kb6 Qb2+ 99. Ka6 Qe2+ 100. Qb5 Qe6+ 101. Qb6 Qc4+ 102. Kb7 Qd5+ 103. Qc6 Qxa5 1/2-1/2

[Event "Chateauroux op 15th"]
[Site "Chateauroux"]
[Date "2014.10.27"]
[Round "4"]
[White "Owen, Michael C"]
[Black "Sobry, Sebastien"]
[Result "0-1"]
[WhiteElo "1682"]
[BlackElo "2033"]
[PlyCount "58"]
[EventDate "2014.10.25"]
[EventType "swiss"]
[EventRounds "7"]
[EventCountry "FRA"]
[SourceTitle "EXT 2015"]
[Source "ChessBase"]
[SourceDate "2014.11.20"]
[SourceVersion "1"]
[SourceVersionDate "2014.11.20"]
[SourceQuality "1"]

1. Nf3 c5 2. b3 Nf6 3. Bb2 e6 4. e3 Be7 5. Be2 0-0 6. 0-0 d5 7. Ne5 Nfd7 8. f4 f6 9. Nxd7 Bxd7 10. Bf3 Nc6 11. d3 Qc7 12. Nc3 d4 13. exd4 Nxd4 14. Ne2 Nf5 15. Qd2 c4 16. Qc3 Qb6+ 17. d4 Bb4 18. Qxc4 Ne3 19. Qd3 Nxf1 20. Rxf1 Bc6 21. c4 Rad8 22. Kh1 Bxf3 23. Rxf3 Qd6 24. Rh3 g6 25. Rg3 Rd7 26. f5 exf5 27. Qxf5 Re7 28. h4 Rxe2 29. Rxg6+ Kh8 0-1

[Event "Chateauroux op 15th"]
[Site "Chateauroux"]
[Date "2014.10.25"]
[Round "1"]
[White "Sobry, Sebastien"]
[Black "Triboulet, Benjamin"]
[Result "1-0"]
[WhiteElo "2033"]
[BlackElo "1654"]
[PlyCount "67"]
[EventDate "2014.10.25"]
[EventType "swiss"]
[EventRounds "7"]
[EventCountry "FRA"]
[SourceTitle "EXT 2015"]
[Source "ChessBase"]
[SourceDate "2014.11.20"]
[SourceVersion "1"]
[SourceVersionDate "2014.11.20"]
[SourceQuality "1"]

1. e4 c6 2. d4 d5 3. Nc3 dxe4 4. Nxe4 Bf5 5. Ng3 Bg6 6. Nf3 Nd7 7. Bd3 Ngf6 8. Bg5 Qa5+ 9. c3 0-0-0 10. Bxg6 hxg6 11. Qb3 e6 12. 0-0-0 Bd6 13. Rhe1 Rde8 14. h3 Bxg3 15. fxg3 Rh5 16. Bd2 Qb6 17. Qc2 Qa6 18. a3 c5 19. g4 Rhh8 20. Ng5 Re7 21. c4 Nb6 22. dxc5 Nxc4 23. Bb4 Rc7 24. Rd4 Nb6 25. Nxf7 Rf8 26. Nd6+ Kb8 27. Rxe6 Nbd5 28. Qc4 Nxb4 29. axb4 Qa1+ 30. Kc2 Nxg4 31. hxg4 Rf2+ 32. Re2 Qa4+ 33. Kc3 Rxe2 34. Qg8+ 1-0

[Event "Avoine op 29th"]
[Site "Avoine"]
[Date "2014.07.19"]
[Round "2"]
[White "Sobry, Sebastien"]
[Black "Afraoui, Anaelle"]
[Result "0-1"]
[WhiteElo "2033"]
[BlackElo "1838"]
[PlyCount "46"]
[EventDate "2014.07.19"]
[EventType "swiss"]
[EventRounds "9"]
[EventCountry "FRA"]
[SourceTitle "CBM 161 Extra"]
[Source "ChessBase"]
[SourceDate "2014.08.29"]
[SourceVersion "1"]
[SourceVersionDate "2014.08.29"]
[SourceQuality "1"]

1. e4 c5 2. Nf3 Nc6 3. d4 cxd4 4. Nxd4 Nf6 5. Nc3 e5 6. Ndb5 d6 7. Bg5 a6 8. Na3 b5 9. Bxf6 gxf6 10. Nd5 Bg7 11. c3 f5 12. exf5 Bxf5 13. Nc2 0-0 14. Nce3 Be6 15. g3 f5 16. Bh3 Rb8 17. Qh5 Qd7 18. Rd1 b4 19. c4 Nd4 20. Rxd4 exd4 21. Nxf5 Bxf5 22. Bxf5 Rxf5 23. Qxf5 Re8+ 0-1

[Event "Cappelle op 30th"]
[Site "Cappelle la Grande"]
[Date "2014.03.06"]
[Round "7"]
[White "Manea, Alexandru"]
[Black "Sobry, Sebastien"]
[Result "1-0"]
[WhiteElo "2385"]
[BlackElo "2040"]
[PlyCount "81"]
[EventDate "2014.03.01"]
[EventType "swiss"]
[EventRounds "9"]
[EventCountry "FRA"]
[SourceTitle "CBM 159 Extra"]
[Source "ChessBase"]
[SourceDate "2014.04.24"]
[SourceVersion "1"]
[SourceVersionDate "2014.04.24"]
[SourceQuality "1"]

1. c4 Nf6 2. Nc3 c5 3. g3 g6 4. Bg2 Bg7 5. Nf3 0-0 6. 0-0 Nc6 7. d4 cxd4 8. Nxd4 Nxd4 9. Qxd4 d6 10. Qh4 Qd7 11. h3 Rb8 12. Bg5 a6 13. Rfd1 Qc7 14. Rac1 Be6 15. Nd5 Bxd5 16. cxd5 Qb6 17. Rc2 Rbc8 18. Rdc1 Rxc2 19. Rxc2 Qa5 20. b4 Qa4 21. Qc4 b5 22. Qb3 Qxb3 23. axb3 h6 24. Be3 Ra8 25. Bb6 Nd7 26. Ba5 Bd4 27. Rc6 Ne5 28. e3 Bb2 29. Rc2 Ba1 30. Rc7 Kf8 31. f4 Nd3 32. Bf1 Nxb4 33. Bxb4 a5 34. Bc3 Bxc3 35. Rxc3 b4 36. Rc2 a4 37. bxa4 Rxa4 38. Rb2 Ra3 39. Kf2 b3 40. Bc4 f5 41. Rxb3 1-0

[Event "La Fere op 11th"]
[Site "La Fere"]
[Date "2012.07.12"]
[Round "7"]
[White "Rouffignac, Marie"]
[Black "Sobry, Sebastien"]
[Result "0-1"]
[WhiteElo "1689"]
[BlackElo "2039"]
[PlyCount "118"]
[EventDate "2012.07.07"]
[EventType "swiss"]
[EventRounds "9"]
[EventCountry "FRA"]
[SourceTitle "CBM 149 Extra"]
[Source "ChessBase"]
[SourceDate "2012.08.24"]
[SourceVersion "1"]
[SourceVersionDate "2012.08.24"]
[SourceQuality "1"]

1. e4 c5 2. Nf3 e6 3. d3 Nc6 4. g3 Nf6 5. Bg2 Be7 6. 0-0 d6 7. Re1 0-0 8. Nbd2 d5 9. e5 Nd7 10. Nf1 Qc7 11. Qe2 b5 12. h4 Re8 13. N1h2 a5 14. h5 a4 15. Ng4 b4 16. h6 g6 17. Bg5 Bxg5 18. Nxg5 Qd8 19. Qd2 Qe7 20. c4 bxc3 21. bxc3 Rb8 22. c4 Ndxe5 23. Nxe5 Nxe5 24. f4 Ng4 25. cxd5 Qf6 26. Bf3 Rb2 27. Qxb2 Qxb2 28. Bxg4 Qd4+ 29. Kh2 Qxd5 30. Ne4 Qd4 31. Be2 Bb7 32. Bf1 c4 33. Rad1 c3 34. Rc1 Rc8 35. Rc2 Ba6 36. Rec1 Bxd3 37. Rxc3 Rxc3 38. Rxc3 f5 39. Rxd3 Qxe4 40. Rd8+ Kf7 41. Rd7+ Kf6 42. Rxh7 g5 43. Rd7 gxf4 44. h7 fxg3+ 45. Kxg3 Qe3+ 46. Kg2 Qg5+ 47. Kf2 Qh4+ 48. Kg2 Ke5 49. Bb5 Ke4 50. Ba6 Qg4+ 51. Kf1 Qf3+ 52. Kg1 Qg3+ 53. Kf1 Qh3+ 54. Kg1 e5 55. Bd3+ Kf4 56. Bc4 e4 57. Bg8 Qg3+ 58. Kh1 Kf3 59. Rg7 Qxg7 0-1